Verejné sociálne služby - vymedzenie, modely ich organizácie a financovania v krajinách EÚ
Definícia verejných sociálnych služieb. Stručný pohľad modelov financovania a organizácie verejných sociálnych služieb v krajinách Európskej únie. Kontinentálny model. Sociálno-demokratický alebo škandidávsky model. Britský a írsky model. Juhoeurópsky model.
Salvato in:
| Autore principale: | |
|---|---|
| Natura: | Capitolo di libro |
| Lingua: | slovacco |
| Soggetti: | |
| Tags: |
Nessun Tag, puoi essere il primo ad aggiungerne!!
|
MARC
| LEADER | 00000naa a2200000 4500 | ||
|---|---|---|---|
| 001 | r043080 | ||
| 005 | 20230807085209.2 | ||
| 041 | 0 | |a slo | |
| 044 | |a SK | ||
| 245 | 1 | 0 | |a Verejné sociálne služby - vymedzenie, modely ich organizácie a financovania v krajinách EÚ |c Kvetoslava Repková |
| 520 | |a Definícia verejných sociálnych služieb. Stručný pohľad modelov financovania a organizácie verejných sociálnych služieb v krajinách Európskej únie. Kontinentálny model. Sociálno-demokratický alebo škandidávsky model. Britský a írsky model. Juhoeurópsky model. | ||
| 610 | 2 | 0 | |a služby verejné |
| 610 | 2 | 0 | |a služby sociálne |
| 610 | 2 | 0 | |a financovanie |
| 610 | 2 | 0 | |a Európska únia |
| 610 | 2 | 0 | |a starostlivosť zdravotná |
| 610 | 2 | 0 | |a ochrana sociálna |
| 100 | 1 | |a Repková, Kvetoslava | |